Aprende a negociar en Espanol

Gespeichert in:
Bibliographische Detailangaben
1. Verfasser: Kubeková, Janka
Körperschaft: Občianske združenie EKONÓMIA
Weitere Verfasser: Corbacho, Analí Fernández
Format: Buch
Sprache:Spanisch
Veröffentlicht: Banská Bystrica Univerzita Mateja Bela, Ekonomická fakulta v Banskej Bystrici 2006
Schlagworte:
Tags: Tag hinzufügen
Keine Tags, Fügen Sie das erste Tag hinzu!

MARC

LEADER 00000nam$a2200000$$$4500
001 0062939
005 20240223111408.9
020 |a 80-8083-336-2 
041 0 |a spa 
044 |a SK 
245 1 0 |a Aprende a negociar en Espanol  |c Janka Kubeková, Analí Fernández Corbacho 
264 1 |a Banská Bystrica  |b Univerzita Mateja Bela, Ekonomická fakulta v Banskej Bystrici  |c 2006 
300 |a 68 s. 
610 2 0 |a jazykoveda 
610 2 0 |a terminológia 
610 2 0 |a jazyky cudzie 
100 1 |a Kubeková, Janka 
700 1 |a Corbacho, Analí Fernández 
710 2 |a Občianske združenie EKONÓMIA